000
00351nam a22001577a 4500
003
OSt
005
20240516145652.0
008
210707s2011 xx 000 0 und d
040
_c
AL
041
_a
eng
082
_a
052 ALIS
100
_a
ALIS
_9
164885
245
_a
Annals of Library and Information Studies
260
_c
2011
942
_2
ddc
_c
BK
999
_c
179768
_d
179768